000 00708nam a22002057a 4500
005 20150302112128.0
010 _aBAC-EN21 ENG-111965
020 _a9780670087488
_c599.00
035 _aEN-95497
035 _aB-581451-482
037 _bPragati/Ven
_adpl
037 _bDBAD/PUB
082 _a796.3580954
245 _aSachin Tendulkar :
_bthe man cricket loved back
260 _aNew Delhi
_bViking
_c2014
270 _a11 Community Centre, Panchsheel Park
_bNew Delhi
_e110017
300 _a262p. :
_c24cm(Hb)
_bill.(some col.)
942 _2ddc
_cEN
_mSAC
_h796.3580954
999 _c89670
_d89670